000 00639nam a2200217 i 4500
001 33443
003 ES-MaACL
005 20250901034331.0
007 t|
008 030202s1972 sp |||| | spa d
080 _a616.89-053.2
100 1 _aBettelheim, Bruno.
_928677
245 1 3 _aLa fortaleza vacía
_b: el autismo infantil y el nacimiento de sí mismo /
_cBruno Bettelheim ; [versión... de Ángel Abad].
250 _a1ª ed.
260 _aBarcelona :
_bLaia,
_c1972.
300 _a582 p. ;
_c20 cm.
650 0 4 _aAutismo.
_910418
700 1 _aAbad, Ángel
_917894
852 _aES-MaACL
_jC-48963
999 _c33443
_d33443